000 00981cam a2200217 4500
001 ABS61830
008 000000n1999 000 0 eng u
035 _a(Sirsi) u103652
100 _aStenning, D.
245 4 _aThe barn - conversion as villa?
260 _c1999
490 _aContext
_v(64) December 1999, 17-18(2)
520 _aDiscusses Essex County Council's attempt to deal with the conversion of redundant farm buildings. The author who is the Principal Historic Building and Conservation Officer for Essex County planning Department, argues that because it is impossible to avoid residential conversions, councils should start to view them in more positive terms and regard such conversions as a new house-type rather than an unfortunate compromise.
590 _aABS
650 _aBARN CONVERSION
650 _aREDUNDANT FARM BUILDINGS
650 _aPLANNING POLICY
650 _aHISTORIC BUILDINGS
690 _aPlanning and development
_96259
942 _n0
999 _c62244
_d62244